Spor o zahraničnú politiku
Príčiny, prečo zahraničná politika SR zohráva stále významnejšiu rolu vo vnútropolitickom diskurze. Zásluhy predsedu SDKÚ - M. Dzurindu v integrácii Slovenska do NATO a Európskej únie. Hendikepy vládnej koalície. Komentovanie cesty predsedu vlády R. Fica do Lýbie ako vyvrcholenie doterajších atakov...
Uložené v:
| Hlavný autor: | |
|---|---|
| Médium: | Kapitola |
| Jazyk: | Slovak |
| Predmet: | |
| Tagy: |
Žiadne tagy, Buďte prvý, kto otaguje tento záznam!
|
MARC
| LEADER | 00000naa$a2200000$$$4500 | ||
|---|---|---|---|
| 001 | 0056614 | ||
| 005 | 20240502071636.5 | ||
| 041 | 0 | |a slo | |
| 044 | |a SK | ||
| 245 | 1 | 0 | |a Spor o zahraničnú politiku |c Peter Weiss |
| 520 | |a Príčiny, prečo zahraničná politika SR zohráva stále významnejšiu rolu vo vnútropolitickom diskurze. Zásluhy predsedu SDKÚ - M. Dzurindu v integrácii Slovenska do NATO a Európskej únie. Hendikepy vládnej koalície. Komentovanie cesty predsedu vlády R. Fica do Lýbie ako vyvrcholenie doterajších atakov opozície vedenej SDKÚ. Príprava návštevy R. Fica v Moskve môže priniesť ďalší koalično-opozičný konflikt. | ||
| 610 | 2 | 0 | |a politika zahraničná |
| 610 | 2 | 0 | |a politika vnútorná |
| 610 | 2 | 0 | |a vzťahy medzinárodné |
| 610 | 2 | 0 | |a strany politické |
| 610 | 2 | 0 | |a vláda |
| 610 | 2 | 0 | |a opozícia |
| 610 | 2 | 0 | |a koalícia |
| 610 | 2 | 0 | |a konflikty |
| 610 | 2 | 0 | |a Slovensko |
| 100 | 1 | |a Weiss, Peter | |